Most Populated US Cities Ending In Letter S - Statistics

General Stats
  • This quiz has been taken 69 times
  • The average score is 7 of 12
Answer Stats
Pop Answer % Correct
3.7 mill Los Angeles
98%
1.2 mill Dallas
83%
382k Minneapolis
74%
583k Las Vegas
72%
820k Indianapolis
68%
319k St Louis
64%
787k Columbus
62%
343k New Orleans
58%
646k Memphis
51%
203k Des Moines
40%
416k Colorado Springs
23%
216k North Las Vegas
13%
No matching quizzes found
Score Distribution
Percent of People with Each Score
Percentile by Number Answered
Your Score History
You have not taken this quiz